00602nab a2200181uuc4500001000800000005001700008008004100025035001200066035002100078040001300099041000800112100003900120245004700159650003000206650002300236700004900259773011200308115281220241016073136.0090707e20081001 spa  a1152812 a(OCoLC)820485013 ccomduadb aspa10aWiener, Gabriela,d1975-4ivreivr13aLa última novela rosa de Corín Tellado 7aAutoras españolas2lemb aNovela sentimental10aTellado López, Maria del Socorro4iveeive0 tQuimera : Revista de Literatura (Barcelona)gNúmero 299, Octubre 2008, p. 44-51w111265x0211-3325089608